Construction materials (Record no. 3506)

000 -LEADER
fixed length control field 00497nam a22002057a 4500
001 - CONTROL NUMBER
control field 3506
003 - CONTROL NUMBER IDENTIFIER
control field BD-DhUET
008 - FIXED-LENGTH DATA ELEMENTS--GENERAL INFORMATION
fixed length control field 0
020 ## - INTERNATIONAL STANDARD BOOK NUMBER
International Standard Book Number 0419154701
040 ## - CATALOGING SOURCE
Transcribing agency 0
Modifying agency BD-DhUET
082 ## - DEWEY DECIMAL CLASSIFICATION NUMBER
Classification number 620.136
Item number ILL/1994
100 ## - MAIN ENTRY--PERSONAL NAME
Personal name Illston, J. M.
245 ## - TITLE STATEMENT
Title Construction materials
Remainder of title their nature and behavior
250 ## - EDITION STATEMENT
Edition statement 1st ed.
260 ## - PUBLICATION, DISTRIBUTION, ETC. (IMPRINT)
Place of publication, distribution, etc. London
Name of publisher, distributor, etc. E & FN Spon
Date of publication, distribution, etc. 1994
300 ## - PHYSICAL DESCRIPTION
Extent xxiii, 517 p.
Other physical details ill.
Dimensions 20 cm.
504 ## - BIBLIOGRAPHY, ETC. NOTE
Bibliography, etc Includes bibliographies
650 #0 - SUBJECT ADDED ENTRY--TOPICAL TERM
Topical term or geographic name as entry element Concrete-Engineering
942 ## - ADDED ENTRY ELEMENTS (KOHA)
Koha item type General Book
Holdings
Withdrawn status Location (home branch) Lost status Koha full call number Koha date last seen Shelving location Price effective from Koha renewals Date acquired Not for loan Sublocation or collection (holding branch) Copy number Koha item type Source of classification or shelving scheme Damaged status Koha date last borrowed Koha issues (times borrowed) Piece designation (barcode) Koha normalized classification for sorting
 Central Library, BUET 620.136/ILL/19942021-06-30Circulation section2014-11-01 2014-11-01 Central Library, BUET1General Book  2015-03-04192490620_136000000000000_ILL_1994
 Central Library, BUET 620.136/ILL/19942014-11-01Circulation section2014-11-01 2014-11-01 Central Library, BUET2General Book    92503620_136000000000000_ILL_1994
 Central Library, BUET 620.136/ILL/19942021-08-28Circulation section2014-11-01 2014-11-01 Central Library, BUET3General Book  2021-08-28192499620_136000000000000_ILL_1994
 Central Library, BUET 620.136/ILL/19942016-03-12Circulation section2014-11-0122014-11-01 Central Library, BUET4General Book    92494620_136000000000000_ILL_1994
 Central Library, BUET 620.136/ILL/19942014-11-01Circulation section2014-11-01 2014-11-01 Central Library, BUET5General Book    92501620_136000000000000_ILL_1994
 Central Library, BUET 620.136/ILL/19942024-09-14Circulation section2014-11-01 2014-11-01 Central Library, BUET6General Book  2024-09-07192486620_136000000000000_ILL_1994
 Central Library, BUET 620.136/ILL/19942015-06-14Reading section2015-06-14 2015-06-14 Central Library, BUET7Reading Item    92484620_136000000000000_ILL_1994